000 00515nam a2200205Ia 4500
003 LK-CoDNM
005 20240801092226.0
008 010623t1889 xxu||||| |||| 00| 1 eng d
040 _aLK-CoDNM
_dLK-CoDNM
_eLK-CoDNM
041 _aeng
080 _a8
_bN7
100 _aJolly,Julius.
245 _aThe Sacred books of the East : The Minor Law-books
260 _bOxford
_aLondon
_c1889
300 _bxxiv, 396p. : 22 cm
650 _aBrihaspati
650 _aNarada
700 _aMuller,F.Max.
942 _cBK
999 _c83058
_d83058